[Event "ROM-ch U14"]
[Site "Baile Felix"]
[Date "2017.02.02"]
[Round "1"]
[White "Danila, Ianis Andrei"]
[Black "Balan, Bogdan"]
[Result "0-1"]
[WhiteElo "1475"]
[BlackElo "1965"]
[PlyCount "94"]
[EventDate "2017.02.02"]
[EventType "swiss"]
[EventRounds "9"]
[EventCountry "ROU"]
[SourceTitle "CBM 176 Extra"]
[Source "ChessBase"]
[SourceDate "2017.03.02"]
[SourceVersion "1"]
[SourceVersionDate "2017.03.02"]
[SourceQuality "1"]

1. d4 Nf6 2. Nf3 e6 3. e3 c5 4. c4 Qc7 5. Nc3 a6 6. Bd3 d6 7. 0-0 g6 8. Re1 Bg7 9. d5 e5 10. h3 0-0 11. e4 b6 12. Bg5 Nbd7 13. a4 a5 14. Nb5 Qb8 15. Ra3 Ba6 16. Qb3 Bxb5 17. Qxb5 Qc7 18. Rb3 Rac8 19. Nh2 h6 20. Bxf6 Bxf6 21. Be2 Bd8 22. Bg4 f5 23. exf5 gxf5 24. Bh5 Bg5 25. Rg3 Kh7 26. Nf3 Bf4 27. Bg6+ Kh8 28. Nh4 Bxg3 29. fxg3 Rf6 30. Bxf5 Rd8 31. Qc6 Qa7 32. Re4 Nb8 33. Qb5 Rg8 34. g4 Na6 35. Be6 Rd8 36. Qb3 Nb4 37. Qe3 Nc2 38. Qd2 Nd4 39. g5 hxg5 40. Qxg5 Qg7 41. Qh5+ Qh6 42. Qd1 Rdf8 43. Kh2 Rf4 44. Rxf4 Qxf4+ 45. g3 Qf2+ 46. Ng2 Nf3+ 47. Kh1 Qxg3 0-1